000
00303nam a2200133Ia 4500
005
20251222155048.0
008
251222s9999||||xx |||||||||||||| ||spa||
082
_a
MEQ. 91
100
_a
BRACKENRIDGE.
245
0
_a
Cómo Controlar su Diabetes
250
_a
1ra. ed.
264
_b
Lilly
942
_c
LIB
999
_c
37186
_d
37186